<?xml version="1.0" encoding="UTF-8"?>
<record
    xmlns:xsi="http://www.w3.org/2001/XMLSchema-instance"
    xsi:schemaLocation="http://www.loc.gov/MARC21/slim http://www.loc.gov/standards/marcxml/schema/MARC21slim.xsd"
    xmlns="http://www.loc.gov/MARC21/slim">

  <leader>00709nam a22001817a 4500</leader>
  <datafield tag="999" ind1=" " ind2=" ">
    <subfield code="c">7570</subfield>
    <subfield code="d">7570</subfield>
  </datafield>
  <controlfield tag="001">21230</controlfield>
  <controlfield tag="003">BD-DhUAP</controlfield>
  <controlfield tag="005">20210124130334.0</controlfield>
  <controlfield tag="008">210124s2004    bg ||||| |||| 00| 0 ben d</controlfield>
  <datafield tag="040" ind1=" " ind2=" ">
    <subfield code="a">BD-DhUAP</subfield>
    <subfield code="b">Ben</subfield>
    <subfield code="c">BD-DhUAP</subfield>
    <subfield code="d">BD-DhUAP</subfield>
  </datafield>
  <datafield tag="082" ind1=" " ind2=" ">
    <subfield code="2">23</subfield>
    <subfield code="a">297 REN</subfield>
  </datafield>
  <datafield tag="100" ind1=" " ind2=" ">
    <subfield code="a">&#x9B0;&#x9C7;&#x9A3;&#x9C1;, &#x986;&#x99C;&#x9CD;&#x9AC;-&#x9AE;&#x9CB;&#x9AE;&#x9A4;&#x9BE;&#x99C;&#x9CD;&#x9AC;&#x964;</subfield>
  </datafield>
  <datafield tag="245" ind1=" " ind2=" ">
    <subfield code="a">&#x9AE;&#x9C7;&#x9B0;&#x9BF; &#x9B8;&#x9C1;&#x9B0;&#x9BE;&#x9A4; &#x9A4;&#x9C7;&#x9B0;&#x9BE; &#x986;&#x9AF;&#x9BC;&#x9A8;&#x9BE; /</subfield>
    <subfield code="c">&#x986;&#x99C;&#x9CD;&#x9AC;-&#x9AE;&#x9CB;&#x9AE;&#x9A4;&#x9BE;&#x99C;&#x9CD;&#x9AC; &#x9B0;&#x9C7;&#x9A3;&#x9C1;&#x964;</subfield>
  </datafield>
  <datafield tag="260" ind1=" " ind2=" ">
    <subfield code="a">&#x9A2;&#x9BE;&#x995;&#x9BE; :</subfield>
    <subfield code="b">&#x9B2;&#x9BE;&#x9B2;&#x9AE;&#x9BE;&#x99F;&#x9BF;&#x9AF;&#x9BC;&#x9BE; &#x9B9;&#x9BE;&#x989;&#x99C;&#x9BF;&#x982; &#x9B8;&#x9CD;&#x99F;&#x9C7;&#x99F;,</subfield>
    <subfield code="c">&#x9E8;&#x9E6;&#x9E6;&#x9EA;&#x964;</subfield>
  </datafield>
  <datafield tag="300" ind1=" " ind2=" ">
    <subfield code="a">&#x9AC;&#x9BF;&#x9AD;&#x9BF;&#x9A8;&#x9CD;&#x9A8; &#x9AA;&#x9C3;&#x9B7;&#x9CD;&#x9A0;&#x9BE; ;</subfield>
    <subfield code="c">&#x9E8;&#x9EA; &#x9B8;&#x9C7;&#x9AE;&#x9BF;.&#x964;</subfield>
  </datafield>
  <datafield tag="650" ind1=" " ind2=" ">
    <subfield code="a">Islamic songs.</subfield>
  </datafield>
  <datafield tag="942" ind1=" " ind2=" ">
    <subfield code="2">ddc</subfield>
    <subfield code="c">BK</subfield>
  </datafield>
  <datafield tag="952" ind1=" " ind2=" ">
    <subfield code="0">0</subfield>
    <subfield code="1">0</subfield>
    <subfield code="2">ddc</subfield>
    <subfield code="4">0</subfield>
    <subfield code="7">0</subfield>
    <subfield code="a">UAPCL</subfield>
    <subfield code="b">UAPCL</subfield>
    <subfield code="c">General Stacks</subfield>
    <subfield code="d">2021-01-24</subfield>
    <subfield code="o">297 REN</subfield>
    <subfield code="p">3010021230</subfield>
    <subfield code="r">2021-01-24</subfield>
    <subfield code="t">1</subfield>
    <subfield code="w">2021-01-24</subfield>
    <subfield code="y">BK</subfield>
  </datafield>
</record>
